Death in holy orders / (Record no. 233522)

000 -LEADER
fixed length control field 01272cam a2200313 a 4500
001 - CONTROL NUMBER
control field 12327241
003 - CONTROL NUMBER IDENTIFIER
control field Nust
005 - DATE AND TIME OF LATEST TRANSACTION
control field 20170308141219.0
008 - FIXED-LENGTH DATA ELEMENTS--GENERAL INFORMATION
fixed length control field 010226r20012000nyu 000 1 eng
010 ## - LIBRARY OF CONGRESS CONTROL NUMBER
LC control number 2001088108
020 ## - INTERNATIONAL STANDARD BOOK NUMBER
International Standard Book Number 9780141004785
040 ## - CATALOGING SOURCE
Original cataloging agency DLC
Transcribing agency DLC
Modifying agency DLC
043 ## - GEOGRAPHIC AREA CODE
Geographic area code e-uk-en
050 00 - LIBRARY OF CONGRESS CALL NUMBER
Classification number PR6060.A467
Item number D35 2001b
082 00 - DEWEY DECIMAL CLASSIFICATION NUMBER
Classification number 823.914
Author Mark JAM
100 1# - MAIN ENTRY--PERSONAL NAME
Personal name James, P. D.
245 10 - TITLE STATEMENT
Title Death in holy orders /
Statement of responsibility, etc. P.D. James.
250 ## - EDITION STATEMENT
Edition statement 1st American ed.
260 ## - PUBLICATION, DISTRIBUTION, ETC.
Place of publication, distribution, etc. New York :
Name of publisher, distributor, etc. Knopf :
-- Distributed by Random House,
Date of publication, distribution, etc. 2001.
300 ## - PHYSICAL DESCRIPTION
Extent 547 p. ;
Dimensions 25 cm.
600 10 - SUBJECT ADDED ENTRY--PERSONAL NAME
Personal name Dalgliesh, Adam
Titles and other words associated with a name (Fictitious character)
Form subdivision Fiction.
650 #0 - SUBJECT ADDED ENTRY--TOPICAL TERM
Topical term or geographic name entry element Police
Geographic subdivision England
-- East Anglia
Form subdivision Fiction.
650 #0 - SUBJECT ADDED ENTRY--TOPICAL TERM
Topical term or geographic name entry element Theological seminaries
Form subdivision Fiction.
651 #0 - SUBJECT ADDED ENTRY--GEOGRAPHIC NAME
Geographic name East Anglia (England)
Form subdivision Fiction.
655 #7 - INDEX TERM--GENRE/FORM
Genre/form data or focus term Mystery fiction.
Source of term gsafd
856 41 - ELECTRONIC LOCATION AND ACCESS
Materials specified Sample text
Uniform Resource Identifier <a href="http://www.loc.gov/catdir/samples/random045/2001088108.html">http://www.loc.gov/catdir/samples/random045/2001088108.html</a>
856 42 - ELECTRONIC LOCATION AND ACCESS
Materials specified Publisher description
Uniform Resource Identifier <a href="http://www.loc.gov/catdir/description/random0414/2001088108.html">http://www.loc.gov/catdir/description/random0414/2001088108.html</a>
906 ## - LOCAL DATA ELEMENT F, LDF (RLIN)
a 7
b cbc
c orignew
d 2
e epcn
f 20
g y-gencatlg
942 ## - ADDED ENTRY ELEMENTS (KOHA)
Source of classification or shelving scheme
Koha item type Book
Holdings
Withdrawn status Lost status Source of classification or shelving scheme Damaged status Not for loan Collection code Permanent Location Current Location Shelving location Date acquired Total Checkouts Full call number Barcode Date last seen Date last checked out Copy number Price effective from Koha item type
            Central Library (CL) Central Library (CL) Fiction 03/08/2017 2 823.914 JAM CL1010 10/30/2022 10/01/2022 1 03/08/2017 Book
© 2023 Central Library, National University of Sciences and Technology. All Rights Reserved.